Prečo sa vaša ulica volá Bašťovanského

Bibliographic Details
Format: Article
Language:Slovak
PhysicalDescription:Fotogr.
ISSN:1335-4566
Subjects:
Online Access:www.korzar.sk

MARC

LEADER 00000nab a2200000 a 4500
001 vtls008943508
003 SK-MaSNL
005 20260303070921.0
008 070207c20070207xo drz 0 0slo
038 |a KEVKJB 
040 |a KEVKJB  |b slo  |c KEVKJB  |e AACR2 
041 0 |a slo 
044 |a xo  |c SK 
080 |a 711.73  |2 2001 
080 |a 929 Bašťovanský, Štefan  |2 2001 
245 0 0 |a Prečo sa vaša ulica volá Bašťovanského  |c [autor] (pod) 
300 |b Fotogr. 
600 1 7 |a Bašťovanský, Štefan,  |d 1910-1952  |2 kevkjb  |9 48942 
650 0 7 |a ulice  |x názvy  |z Košice (Slovensko)  |2 kevkjb  |9 1032707 
651 7 |a Košice (Slovensko)  |2 kevkjb  |9 18694 
773 0 |t Košický denník Korzár  |g Roč. X, č. 31 (7.2.2007), s. 2  |x 1335-4566 
852 |a KEVKJB  |b KIS3GCP 
856 4 1 |u www.korzar.sk 
958 |a BX 
999 |c 1757514  |d 1759444